000 00893nam a2200229Ii 4500
003 JO-AjNU
008 230605s9999||||xx |||||||||||||| ||und||
017 _a2013/2/636
020 _a978-9957-16-804-9
040 _aJO-AjNU
_bara
_erda
_cJO-AjNU
041 _aara
050 1 4 _aK845.S7.F3232.2016
100 3 _a الفضلي ، جعفر محمد ,
_eauthor
_950639
245 0 0 _aالوجيز في العقود المدنية ، البيع ، الإيجار ، المقاولة ، دراسة في ضوء التطور القانوني معززة بالقرارات القضائية
250 _aط4
264 3 1 _aعمان : دار الثقافة ، 2016
300 _a464ص
336 _atext
_btxt
_2rdacontent
337 _aunmediated
_bn
_2rdamedia
338 _avolume
_bnc
_2rdacarrier
650 4 _aالايجارات -- القانون -- الحقوق القانونية
_950640
999 _aA22319
_c25887
_d25887